| 000 | 01321nam a2200349 i 4500 | ||
|---|---|---|---|
| 001 | 768714001 | ||
| 003 | CO-MdFUSB | ||
| 005 | 20220221155842.0 | ||
| 007 | ta | ||
| 008 | 211112t2019 -us |||| |||| 00| 0 spa d | ||
| 020 | _a9780881779226 | ||
| 040 |
_aCO-MdFUSB _bspa _cCO-MdFUSB _dCO-MdFUSBC _erda |
||
| 041 | _aspa | ||
| 082 |
_223 _a220.07 _bW769 |
||
| 100 |
_aWingeier-Rayo, Philip, _eautor |
||
| 245 | 1 | 3 |
_aLa Biblia a través de los ojos de Juan Wesley : _b52 estudios biblicos de discipulado _c/ Philip Wingeier-Rayo |
| 264 | 1 |
_aEstados Unidos : _bDiscipleship Resources, _c[2019] |
|
| 264 | 4 | _c© 2019 | |
| 300 |
_a160 páginas _c; 23 cm |
||
| 336 |
_2rdacontent _atexto _btxt |
||
| 337 |
_2rdamedia _asin mediación _bn |
||
| 338 |
_2rdacarrier _avolumen _bnc |
||
| 505 | _aLa creación de Dios. -- El pecado. -- Dios hace un pacto con su pueblo. -- El pueblo de Dios en Egipto. -- La liberación de israelitas. -- La gracia de Dios. -- La vía de la salvación. -- Los medios de gracia. -- Los propósitos de la vida cristiana. -- Para la lectura adicional. | ||
| 563 | _aRústico | ||
| 600 | 1 | 0 |
_aWesley, John, _d1703-1791 |
| 650 | 0 |
_919 _aVida cristiana |
|
| 650 | 0 |
_9362 _aEvangelización |
|
| 650 | 0 |
_92945 _aDiscipulado |
|
| 650 | 0 |
_91781 _aEstudios bíblicos |
|
| 942 | _cBK | ||
| 945 | _aJTF-925 | ||
| 999 |
_c67010 _d67010 |
||